Normal view
MARC view
- AMADIS
Entry Nombre congreso
001 - NÚMERO DE CONTROL
- campo de control: 2188
003 - IDENTIFICADOR DEL NÚMERO DE CONTROL
- campo de control: ES-MaFIAP
005 - FECHA Y HORA DE LA ÚLTIMA TRANSACCIÓN
- campo de control: 20231218100528.0
008 - DATOS DE LONGITUD FIJA
- campo de control de longitud fija: 231218|| aca||aabn | a|a d
040 ## - FUENTE DE LA CATALOGACIÓN
- Centro catalogador/agencia de origen: ES-MaFIAP
- Centro/agencia transcriptor: ES-MaFIAP
111 ## - ENCABEZAMIENTO--NOMBRE DE CONGRESO/REUNIÓN
- Nombre de congreso/reunión o jurisdicción como elemento de entrada: AMADIS
- Fecha del congreso o de la firma del tratado: 2007
- Sede del congreso/Lugar de la reunión: Granada
670 ## - FUENTE DE DATOS ENCONTRADOS
- Cita de la fuente: Work cat.: (ES-MaFIAP)844: AMADIS 2007 Granada, Accesibilidad a los medios audiovisuales para personas con discapacidad , 2008





